• 首页
  • 本馆介绍
  • 公告通知
  • 最新文献
  • 馆藏检索
  • 电子资源
  • 读者导购
  • 参考咨询
  • 我的图书馆
  • 登录
  • 详细信息显示
  • 放入我的书架
  • 预约/预借图书
  • 作者相关作品
  • 分类相关作品
  • 丛书相关作品
  • 出版社相关作品

书目信息

  • 表格格式
  • 工作单格式
  • 卡片格式
题名:
红色小提琴
    
 
作者: 陈钢 编著
分册:  
出版信息: 上海   上海音乐出版社  2007
页数: 112页
开本: 30cm
丛书名:
单 册:
中图分类: J647.21
科图分类:
主题词: 小提琴--器乐曲--中国--现代--选集 , 小提琴 , 器乐曲
电子资源:
ISBN: 978-7-80667-995-1
000 01118ncm0 2200301 450
001 003497279
005 20100325104523.75
010    @a978-7-80667-995-1@dCNY45.00
100    @a20070327d2007 em y0chiy0110 ea
101 0  @achi@eeng
102    @aCN@b310000
105    @ag z 000yy
106    @ar
200 1  @a红色小提琴@9hong se xiao ti qin@e陈钢小提琴作品集@e钢琴伴奏谱@dThe "red" violin@ea violin collection by Chen Gang@f陈钢编著@zeng
210    @a上海@c上海音乐出版社@d2007
215    @a112页@d30cm@e1光盘+1分谱(46页)
307    @a附光盘:ISRC CN-R12-07-352-00
307    @a附:小提琴独奏分谱
330    @a本曲集收录了作曲家陈钢先生改编于21世纪70年代的9首小提琴独奏(钢琴伴奏)作品,均属群众耳熟能详的经典乐曲,已屡次在各种音乐会上演奏。
510 1  @a"Red" violin@ea violin collection by Chen Gang@zeng
517 1  @a陈钢小提琴作品集@9chen gang xiao ti qin zuo pin ji
606 0  @a小提琴@x器乐曲@y中国@z现代@j选集
606 0  @a小提琴
606 0  @a器乐曲
690    @aJ647.21@v4
701  0 @a陈钢@9chen gang@f(1935~)@4编著
801  0 @aCN@bNLC@c20100325
905    @b799339-43@dJ647.21@e163@f5
    
    红色小提琴:陈钢小提琴作品集:钢琴伴奏谱=The "red" violin:a violin collection by Chen Gang/陈钢编著.-上海:上海音乐出版社,2007
    112页;30cm+1光盘+1分谱(46页)
    
    
    ISBN 978-7-80667-995-1:CNY45.00
    本曲集收录了作曲家陈钢先生改编于21世纪70年代的9首小提琴独奏(钢琴伴奏)作品,均属群众耳熟能详的经典乐曲,已屡次在各种音乐会上演奏。
●
相关链接 在E读中查询图书 在五车中查询图书 在当当中查询图书 在豆瓣中查询图书


正题名:红色小提琴     索取号:J647.21/163         预约/预借

序号 登录号 条形码 馆藏地/架位号 状态 备注
1 799339   207993395   第一样本阅览室/ [索取号:J647.21/163] 在馆    
2 799340   207993402   第一借阅区/ [索取号:J647.21/163] 在馆    
3 799341   207993411   第一借阅区/ [索取号:J647.21/163] 在馆    
4 799342   207993420   第一借阅区/ [索取号:J647.21/163] 在馆    
5 799343   207993439   第一借阅区/ [索取号:J647.21/163] 在馆    
唐山师范学院图书馆 欢迎您!
大连网信软件有限公司© 版权所有